Größte Städte der Welt nach Buchstabe - P - Statistiken

Allgemein
  • Dieses Quiz wurde 429 mal gespielt
  • Das Durchschnittsergebnis liegt bei 9 aus 16
Antwortstatistiken
Land Bevölkerung Stadt % Korrekt
Frankreich 11,4 Mio. Paris
99%
China 20,9 Mio. Peking
92%
Nordkorea 2,98 Mio. Pjöngjang
88%
Australien 2,23 Mio. Perth
79%
USA 7,55 Mio. Philadelphia
78%
Haiti 3,53 Mio. Port-au-Prince
73%
Kambodscha 2,75 Mio. Phnom Penh
70%
USA 2,50 Mio Portland
55%
USA 4,83 Mio. Phoenix
50%
USA 2,08 Mio. Pittsburgh
49%
Brasilien 4,20 Mio. Porto Alegre
33%
Indien 7,55 Mio. Pune
32%
Mexiko 4,18 Mio. Puebla
23%
Indien 2,85 Mio. Patna
14%
Pakistan 2,60 Mio. Peschawar
14%
Nigeria 2,60 Mio. Port Harcourt
13%
Keine übereinstimmenden Quizze gefunden
Verteilung der Resultate
Anzahl Personen mit jedem Resultat
Perzentil nach korrekt beantworteten Fragen
Ihre Resultats-Entwicklung
Sie haben dieses Quiz noch nicht gespielt